000 00493nam a22001937a 4500
003 OSt
005 20180116183058.0
008 161026b xxu||||| |||| 00| 0 eng d
020 _a0
040 _c0
082 _a792.09 BUR 1962
100 _aBurton,E.J.
245 _aThe Student's Guide To World Theatre
_cE.J.Burton,M.A.
260 _aLondon
_bHerbert Jenkins
_c1962
300 _a207p.
_bHB.
440 _aThe Student's Guide To World Theatre
500 _aHB.
942 _2ddc
_cBK
999 _c351905
_d351905